Successive difference covariance statistic (Record no. 500283)

000 -LEADER
fixed length control field 00437cam a22001337a 4500
008 - FIXED-LENGTH DATA ELEMENTS--GENERAL INFORMATION
fixed length control field 180718b1965 xxu||||| |||| 00| 0 eng d
082 ## - DEWEY DECIMAL CLASSIFICATION NUMBER
Classification number I5511 Sr38
100 ## - MAIN ENTRY--PERSONAL NAME
Personal name Srivastava, A.B.L.
245 ## - TITLE STATEMENT
Title Successive difference covariance statistic
Statement of responsibility, etc. by A.B.L. Srivastava and S.C. Sahai
260 ## - PUBLICATION, DISTRIBUTION, ETC.
Place of publication, distribution, etc. Delhi
Name of publisher, distributor, etc. National Council of Educational Research and training
Date of publication, distribution, etc. 1965
300 ## - PHYSICAL DESCRIPTION
Extent 20p
500 ## - GENERAL NOTE
General note Research Report No. II
700 ## - ADDED ENTRY--PERSONAL NAME
Personal name Sahai, S.C.
Holdings
Withdrawn status Lost status Damaged status Not for loan Permanent Location Current Location Date acquired Full call number Barcode Date last seen Price effective from Koha item type
        Indian Institute of Public Administration Indian Institute of Public Administration 2018-08-04 I5511 Sr38 GR6864 2018-08-04 2018-08-04 GR

Powered by Koha